|
|
|
|
| LEADER |
00932 a2200193 4500 |
| 008 |
211208b |||||||| |||| 00| j mal d |
| 020 |
|
|
|a 9780000316547
|
| 041 |
|
|
|a mal
|
| 082 |
|
|
|a 855.4J8
|
| 100 |
|
|
|a ജോസഫ് മാത്യു, ആഞ്ഞിലിവേലിൽ
|9 1582075
|
| 245 |
|
|
|a മാറ്റങ്ങൾ അനിവാര്യം /
|c ജോസഫ് മാത്യു ആഞ്ഞിലിവേലിൽ
|
| 246 |
|
|
|a Mattangal anivaryam
|
| 260 |
|
|
|b Joseph Mathew Anjilivelil,
|c 2019
|a Kottayam :
|
| 300 |
|
|
|a 92 pages ;
|c 21cm.
|
| 650 |
|
7 |
|2 fast
|9 1178016
|a Short stories, Malayalam
|
| 942 |
|
|
|2 ddc
|c BK
|
| 999 |
|
|
|c 352111
|d 352111
|
| 952 |
|
|
|0 0
|1 0
|2 ddc
|4 0
|6 855_000000000000000_4J8_MAT
|7 0
|9 406512
|a UL
|b UL
|c ST1
|d 2020-07-16
|g 67.00
|o 855.4J8 MAT
|p 103178
|r 2020-07-16
|v 100.00
|y BK
|
| 952 |
|
|
|0 0
|1 0
|2 ddc
|4 0
|6 855_000000000000000_4J8_MAT
|7 0
|9 406856
|a UL
|b UL
|c ST1
|d 2020-07-27
|g 70.00
|o 855.4J8 MAT
|p 103879
|r 2020-07-27
|v 100.00
|y BK
|